Who Scored That Goal? PL Edition - Statistics

General Stats
  • This quiz has been taken 79 times
  • The average score is 14 of 20
Answer Stats
Answer % Correct
Sergio Aguero
100%
Son Heung-min
99%
Wayne Rooney
99%
Mohamed Salah
96%
Cristiano Ronaldo
93%
Gareth Bale
86%
Olivier Giroud
83%
Robin van Persie
80%
Thierry Henry
80%
Dimitri Payet
76%
Mario Balotelli
76%
Eric Cantona
73%
Dennis Bergkamp
70%
David Beckham
60%
Vincent Kompany
56%
Paolo Di Canio
50%
Jamie Vardy
34%
Peter Crouch
33%
Matt Le Tissier
17%
Abdoulaye Doucoure
16%
No matching quizzes found
Score Distribution
Percent of People with Each Score
Percentile by Number Answered
Your Score History
You have not taken this quiz